Normal view MARC view

Entry Personal Name

Number of records used in: 1

001 - CONTROL NUMBER

  • control field: 50608

003 - CONTROL NUMBER IDENTIFIER

  • control field: OSt

005 - DATE AND TIME OF LATEST TRANSACTION

  • control field: 20250211111851.0

008 - FIXED-LENGTH DATA ELEMENTS

  • fixed length control field: 250211|| aca||aabn | a|a d

040 ## - CATALOGING SOURCE

  • Original cataloging agency: OSt
  • Transcribing agency: OSt

100 ## - HEADING--PERSONAL NAME

  • Personal name: Nawrocki, Michał

670 ## - SOURCE DATA FOUND

  • Source citation: Work cat.: (OSt): Nawrocki, Michał , Who are the ‘real’ people? The concept of relational popular identity and the self-identification of populist voters in Poland

Powered by Koha